Law Of Criminal Procedure Code (Record no. 702702)

MARC details
000 -LEADER
fixed length control field 00377nam a2200145Ia 4500
008 - FIXED-LENGTH DATA ELEMENTS--GENERAL INFORMATION
fixed length control field 230627s9999 xx 000 0 und d
020 ## - INTERNATIONAL STANDARD BOOK NUMBER
International Standard Book Number 81-87141-08-5
041 ## - LANGUAGE CODE
Language code of text/sound track or separate title eng
082 ## - DEWEY DECIMAL CLASSIFICATION NUMBER
Classification number 345.05
Item number SAR
100 ## - MAIN ENTRY--PERSONAL NAME
Personal name Sarkar S. C
245 ## - TITLE STATEMENT
Title Law Of Criminal Procedure Code
250 ## - EDITION STATEMENT
Edition statement 7ed.
260 ## - PUBLICATION, DISTRIBUTION, ETC.
Place of publication, distribution, etc. New Delhi
Name of publisher, distributor, etc. India Law House
Date of publication, distribution, etc. 1996
700 ## - ADDED ENTRY--PERSONAL NAME
Personal name Sarkar P. C.,Bakshi P. M.
Holdings
Withdrawn status Lost status Damaged status Not for loan Collection Home library Current library Shelving location Date acquired Cost, normal purchase price Total Checkouts Full call number Barcode Date last seen Price effective from Koha item type
        NLP Social Welfare New Law College, Pune New Law College, Pune NLP-Rack No-132 30/03/2000 895.00   345.05 SAR NLP-NS0147 17/07/2023 17/07/2023 Reference Books